000 02477cam a22005294i 4500
003 PE-LiUPU
005 20250731175643.0
008 150706s r 000 0 d
020 _a9786074384864
035 _a(Sirsi) i9786074384864
040 _aPE-LiUPU
_bspa
_cPE-LiUPU
_erda
049 _aPRUA
082 0 4 _a468.2
_bZ46
_221
082 0 4 _a468.2
_bZ46 T1 2012
_221
100 1 _aZarzar Charur, Carlos,
_eautor.
245 1 0 _aLectura, expresión oral y escrita (para el bachillerato tecnológico) /
_cCarlos Zarzar Charur.
250 _a1a ed.
264 1 _aMéxico :
_bGrupo Editorial Patria,
_c2012.
300 _a191 páginas :
_bilustraciones a color ;
_c27 cm.
336 _atext
_2rdacontent
337 _aunmediated
_2rdamedia
338 _avolume
_2rdacarrier
490 0 _aDGETI
500 _aCon apoyos audiovisuales en You Tube.
504 _aBibliografía: p. 133-135.
505 0 _aImportancia de la comunicación -- Tipos de textos -- Estrategias de lectura -- Para comprender mejor un texto -- La expresión oral -- La expresión escrita -- Índice de enlaces a videos en YouTube -- Índice de las lecturas de apoyo.
526 _aP145
526 _aP127
526 _aP97
526 _aP35
526 _aP14
526 _aP07
541 _g001-0037503;
541 _g001-00003175;
650 0 4 _aEspañol
_xComposición y ejercicios
_xEstudio y enseñanza (Superior).
650 0 4 _aComunicación
_xEstudio y enseñanza (Superior).
700 1 _aCallejas, Javier Enrique,
_edir.ed.
910 _agl
_clch
_d20130924
910 _btqv
_caic
_d20170118
942 _2ddc
_cBOOK
949 _a468.2 Z46 1
_wDEWEY
_c1
_i68315
_lCCODEBUL1
_mBUL
_p22.00
_r0
_sY
_tBOOK
_u2015-7-6
_xEDUCACION
_PP20
_o.STAFF. Colección General
949 _a468.2 Z46 T1 2012
_wDEWEY
_c1
_iFJ05531
_lCCODEBUJ1
_mBUJ
_p15.00
_r0
_sY
_tBOOK
_u2017-01-18
_xEDUCACION
_PP20
_0COMPRA
_o.STAFF. Colección General Juliaca
994 _aC0
_bPEPRU
596 _a1 3
999 _a468.2 Z46 1
_wDEWEY
_c55722
_i68315
_d55722
_e2018-4-10
_f2021-11-8
_g5
_lCCODEBUL1
_mBUL
_n18
_p22.00
_q2
_r0
_sN
_tBOOK
_u2015-7-6
_xEDUCACION
_PP20
_0COMPRA
_o.STAFF. Colección General
999 _a468.2 Z46 T1 2012
_wDEWEY
_c1
_iFJ05531
_f2022-1-19
_g4
_lCCODEBUJ1
_mBUJ
_p15.00
_r0
_sY
_tBOOK
_u2017-1-18
_xEDUCACION
_PP20
_0COMPRA
_o.STAFF. Colección General Juliaca
980 _81
_gALBERTO SANCHEZ Responsable de Automatización